Curso de finanzas, derecho financiero y tributario /
Guardado en:
| Autor Principal: | |
|---|---|
| Formato: | Libro |
| Idioma: | Spanish |
| Publicado: |
Buenos Aires :
Astrea,
2002.
|
| Edición: | 8a. ed. act. y amp. |
| Materias: | |
| Etiquetas: |
Agregar Etiqueta
Sin Etiquetas, Sea el primero en etiquetar este registro!
|
| LEADER | 00548nam a22001695a 4500 | ||
|---|---|---|---|
| 001 | DER.der014994 | ||
| 008 | 240624s2002####ag#||||||||||||||#||spa|| | ||
| 005 | 20241111090027.0 | ||
| 245 | 1 | 0 | |a Curso de finanzas, derecho financiero y tributario / |c Héctor Belisario Villegas |
| 250 | |a 8a. ed. act. y amp. | ||
| 260 | |a Buenos Aires : |b Astrea, |c 2002. | ||
| 300 | |a 931 p. | ||
| 020 | |a 9505085826 | ||
| 100 | 1 | |a Villegas, Héctor Belisario | |
| 700 | 1 | |a Fessia, Miriam Estela, |e col. | |
| 650 | 7 | |a DERECHO TRIBUTARIO | |
| 859 | |a DERECHO |b BIB. DERECHO |h 346.07 |i VIL |p 0010332 | ||
